| 000 | 01959cam a2200349 i 4500 | ||
|---|---|---|---|
| 001 | ocn826899663 | ||
| 003 | EG-ScBUE | ||
| 005 | 20260406105036.0 | ||
| 008 | 130204s2024 enkab f b 001 0 eng d | ||
| 020 | _a9781529419979 | ||
| 035 | _a(OCoLC)ocn826899663 | ||
| 040 |
_aDLC _beng _erda _cDLC _dIG# _dOCLCO _dYDXCP _dUKMGB _dEG-ScBUE |
||
| 082 | 0 | 4 |
_a747.09 _222 _bPIL |
| 100 | 1 |
_aPile, John F., _eauthor. |
|
| 245 | 1 | 2 |
_aA history of interior design / _cJohn Pile, Judith Gura and Drew Plunkett. |
| 246 | 3 | 0 | _aInterior design |
| 250 | _aFifth edition. | ||
| 264 | 1 |
_aLondon : _bLaurence King, _c2024. |
|
| 300 |
_a496 pages : _billustrations (some color), color map ; _c30 cm |
||
| 336 |
_atext _2rdacontent _btxt |
||
| 337 |
_aunmediated _2rdamedia _bn |
||
| 338 |
_avolume _2rdacarrier _bnc |
||
| 504 | _aIncludes bibliographical references and index. | ||
| 505 | 0 | _aPrehistory to early civilizations -- Classical civilizations : Greece and Rome -- Early Christian, Byzantine, and Romanesque -- Islamic and Asian traditions -- The later Middle Ages -- The Renaissance of Italy -- Baroque and Rococo in Italy and northern Europe -- Renaissance, Baroque, and Rococo in France and Spain -- Renaissance to Georgian in the low countries and England -- Colonial and Federal America -- The Regency, revivals, and Industrial Revolution -- The Victorian era -- The aesthetic movements -- Art Nouveau and the Vienna Secession -- Eclectcisim -- The emergence of modernism -- Art Deco and industrial design -- The spread of early modernism in Europe -- Modernism in America -- The ascendancy of modernism -- After the international style : the late twentieth century -- Design on a new playing field. | |
| 650 | 7 |
_aInterior decoration _xHistory. _2BUEsh |
|
| 650 | 7 |
_aInterior architecture _xHistory. _2BUEsh |
|
| 653 |
_cApril2026 _bART |
||
| 655 | _vReading book | ||
| 700 | 1 |
_aGura, Judith, _eauthor. |
|
| 700 | 1 |
_aPlunkett, Drew, _eauthor. |
|
| 942 |
_2ddc _cBB |
||
| 999 |
_c31176 _d31147 |
||